书目信息 |
| 题名: |
概率论与数理统计教程
|
|
| 作者: | 杨永发 编著 | |
| 分册: | ||
| 出版信息: | 天津 南开大学出版社 2001.01 |
|
| 页数: | 399页 | |
| 开本: | 32开 | |
| 丛书名: | ||
| 单 册: | ||
| 中图分类: | O21 | |
| 科图分类: | ||
| 主题词: | 概率论 , 数理统计 | |
| 电子资源: | ||
| ISBN: | 7-310-01446-4 | |
| 000 | 00558nam0 2200193 45 | |
| 001 | 0106131008 | |
| 005 | 20071011092359.59 | |
| 010 | @a7-310-01446-4@d18.00元 | |
| 100 | @a20010613d2001 km y0chiy0120 ea | |
| 101 | 0 | @achi |
| 200 | 1 | @a概率论与数理统计教程@AGai Lu Lun Yu Shu Li Tong Ji Jiao Cheng@f杨永发等编著@FYang Yong Fa Deng Bian Zhu |
| 210 | @a天津@c南开大学出版社@d2001.01 | |
| 215 | @a399页@d32开 | |
| 606 | 0 | @a概率论 |
| 606 | 0 | @a数理统计 |
| 690 | @aO21@v3 | |
| 701 | 0 | @a杨永发@4编著 |
| 801 | @aCN@c20071011 | |
| 905 | @f0@f3@b347179-181@dO21@eY257 | |
| 概率论与数理统计教程/杨永发等编著.-天津:南开大学出版社,2001.01 |
| 399页;32开 |
| ISBN 7-310-01446-4:18.00元 |
| ● |
| 相关链接 |
|
|
|
正题名:概率论与数理统计教程
索取号:O21/Y257
 
预约/预借
| 序号 | 登录号 | 条形码 | 馆藏地/架位号 | 状态 | 备注 |
| 1 | 261526 | 202615269 | 自科库401/401自科库 46排7列4层/ [索取号:O21/Y257] | 在馆 | |
| 2 | 347179 | 203471796 | 自科二线504/504自科库 48排4列6层/ [索取号:O21/Y257] | 在馆 | |
| 3 | 347180 | 203471803 | 自科二线504/504自科库 48排4列6层/ [索取号:O21/Y257] | 在馆 | |
| 4 | 347181 | 203471812 | 自科二线504/504自科库 48排4列6层/ [索取号:O21/Y257] | 在馆 |